000
00265nam a2200109Ia 4500
008
190911s9999||||xx |||||||||||||| ||und||
100
_a
Lay,David C.
245
0
_a
Linear Algebra And its Application
260
_a
USA
_b
Mc Graw Hill
_c
1994
300
_a
443
942
_c
BK
999
_c
6802
_d
6802